| 000 | 00675nam a22002171c 4500 | ||
|---|---|---|---|
| 001 | 00016085841 | ||
| 008 | 051003s1988 gw |||| 000u ger d | ||
| 020 |
_a3804687229 _93-8046-8722-9 |
||
| 041 | _ager | ||
| 245 | 0 | 4 |
_aDie Last der Geschichte : _bKontroversen zur deutschen Identität / _chrsg. von Thomas M. Gauly. Beitr. von Iring Fetscher .. |
| 264 |
_aKöln : _bVerl. Wiss. und Politik, _c1988 |
||
| 300 | _a180 S. | ||
| 650 | 0 | _aPolitische Identität | |
| 651 | 0 | _aDeutschland | |
| 655 | 0 | _aAufsatzsammlung | |
| 700 | 1 |
_aGauly, Thomas M. _eHerausgeberIn |
|
| 700 | 1 |
_aFetscher, Iring _eHerausgeberIn |
|
| 942 | _cMG | ||
| 040 | _cRU-10907106 | ||
| 003 | RU-10907106 | ||
| 999 |
_c3454 _d3454 |
||